=LDR 00000nam 2200000 4500 =001 INLIS000000000015441 =005 20130612110724 =008 ***********************************Indo** =035 ##$$0010-061300000015441 =041 ##$$a Indo =082 ##$$a F.Rom K =090 ##$$a F.Rom K, Sum =100 ##$$a Sumarni Titien =245 ##$$a Tunas Harapan, Titien Sumarni =260 ##$$a 1997 $b Surabaya =300 ##$$a 70 hlm, ilus, 20 cm =650 ##$$a Fiksi Kanak-Kanak-Indonesia =850 ##$$a NBPNMAT